000 00676nam a2200217Ii 4500
003 JO-AjNU
008 230606s9999||||xx |||||||||||||| ||und||
020 _a978-1-260-46797-0
040 _aJO-AjNU
_beng
_erda
_cJO-AjNU
041 _aeng
050 1 4 _aQA76.585.L33 2021
100 3 _aLachance,Daniel, Glen E.Clarke,
_eauthor
_96358
245 0 0 _aCompTIA Security+ Certication Practice Exams
250 _a4th ed
264 3 1 _aNew york: Mc Graw-Hill,2021
300 _a399p
336 _atext
_btxt
_2rdacontent
337 _aunmediated
_bn
_2rdamedia
338 _avolume
_bnc
_2rdacarrier
650 4 _aCloud computing-security measures examinations-study guides
_96359
999 _aE3297
_c3293
_d3293